LIBRARY & INFORMATION CENTRE, KCAET, TAVANUR

ONLINE PUBLIC ACCESS CATALOGUE (OPAC)

Solar design: components, systems, economics / (Record no. 10782)

MARC details
000 -LEADER
fixed length control field 00510cam a2200181ua 4500
003 - CONTROL NUMBER IDENTIFIER
control field OSt
008 - FIXED-LENGTH DATA ELEMENTS--GENERAL INFORMATION
fixed length control field 241101b |||||||| |||| 00| 0 eng d
020 ## - INTERNATIONAL STANDARD BOOK NUMBER
ISBN 0-89116-406-5
041 ## - LANGUAGE CODE
Language code of text/sound track or separate title eng
082 ## - DEWEY DECIMAL CLASSIFICATION NUMBER
Classification number 621.47
Item number KRI/SO
100 ## - MAIN ENTRY--AUTHOR NAME
Personal name Kreider, Jan F .
245 ## - TITLE STATEMENT
Title Solar design: components, systems, economics /
260 ## - PUBLICATION, DISTRIBUTION, ETC. (IMPRINT)
Place of publication London :
Name of publisher Hemisphere Publishing Corporation ,
Year of publication 1989.
300 ## - PHYSICAL DESCRIPTION
Number of Pages 464 ; .
700 1# - ADDED ENTRY--PERSONAL NAME
Personal name Hoogendoorn, Charles J .
700 1# - ADDED ENTRY--PERSONAL NAME
Personal name Kreith, Frank .
942 ## - ADDED ENTRY ELEMENTS (KOHA)
Koha item type Books
Holdings
Withdrawn status Lost status Damaged status Home library Current library Shelving location Date acquired Full call number Accession Number Koha item type
      KAUAET KAUAET Shelf- 7A 07/04/2012 621.47 KRE/SO 17740 Books
free website counter